书目信息 |
| 题名: |
Flash MX2004二维动画制作实例教程
|
|
| 作者: | 彭鹏 编著 | |
| 分册: | ||
| 出版信息: | 北京 人民邮电出版社 2006.02 |
|
| 页数: | 223页 | |
| 开本: | 26cm | |
| 丛书名: | 计算机辅助设计系列教材 | |
| 单 册: | ||
| 中图分类: | TP391.41 | |
| 科图分类: | ||
| 主题词: | 动画--dong hua--设计--图形软件--教材 | |
| 电子资源: | ||
| ISBN: | 7-115-13960-1 | |
| 000 | 00927nam 2200241 450 | |
| 001 | 012007065287 | |
| 005 | 20071010160722.03 | |
| 010 | @a7-115-13960-1@dCNY22.00 | |
| 100 | @a20070815d2006 km y0chiy0120 ea | |
| 101 | 0 | @achi |
| 102 | @aCN@b110000 | |
| 105 | @aa z 000yy | |
| 200 | 1 | @aFlash MX2004二维动画制作实例教程@AFlash MX2004 er wei dong hua zhi zuo shi li jiao cheng@f彭鹏编著@Fpeng peng bian zhu |
| 210 | @a北京@c人民邮电出版社@d2006.02 | |
| 215 | @a223页@c图@d26cm | |
| 225 | 2 | @a计算机辅助设计系列教材@Aji suan ji fu zhu she ji xi lie jiao cai |
| 330 | @a本书通过一系列典型的实例介绍了Flash MX2004的基础知识、绘图方法、动画制作方法、贺卡制作方法,并详细讲解了游戏制作和动态网页制作的方法与技巧。 | |
| 410 | 0 | @12001 @a计算机辅助设计系列教材 |
| 606 | 0 | @a动画@Adong hua@x设计@x图形软件@j教材 |
| 690 | @aTP391.41@v4 | |
| 701 | 0 | @a彭鹏@Apeng peng@4编著 |
| 801 | 0 | @aCN@c20071010 |
| 905 | @dTP391.41@eP532 | |
| Flash MX2004二维动画制作实例教程/彭鹏编著.-北京:人民邮电出版社,2006.02 |
| 223页:图;26cm.-(计算机辅助设计系列教材) |
| ISBN 7-115-13960-1:CNY22.00 |
| 本书通过一系列典型的实例介绍了Flash MX2004的基础知识、绘图方法、动画制作方法、贺卡制作方法,并详细讲解了游戏制作和动态网页制作的方法与技巧。 |
| ● |
| 相关链接 |
|
|
|
正题名:Flash MX2004二维动画制作实例教程
索取号:TP391.41/P532
 
预约/预借
| 序号 | 登录号 | 条形码 | 馆藏地/架位号 | 状态 | 备注 |
| 1 | 254409 | 202544096 | 自科二线404/404自科库 13排4列1层/ [索取号:TP391.41/P532] | 在馆 | |
| 2 | 254410 | 202544103 | 自科库301/301自科库 67排3列3层/ [索取号:TP391.41/P532] | 在馆 | |
| 3 | 254411 | 202544112 | 自科库301/301自科库 67排3列3层/ [索取号:TP391.41/P532] | 在馆 |